000 00962cam a2200289 a 4500
001 2535
005 20240105155123.0
020 _a076645067005
040 _aDLC
_cDLC
_dDLC
_beng
050 0 0 _aPZ8.3.R275
_b 1995
082 0 0 _aE
_221
100 1 _aReiser, Lori
245 1 0 _aGood morning, farm /
_cwritten and illustrated by Lori Reiser
260 _aGrand Haven ;
_bSchool Zone Publishing Company,
_c1995
300 _a23 unnumbered pages :
_bcolor illustrations ;
_c21 cm
490 _aA little People Book
505 _aG
520 _aOn a typical morning on the farm the animals are sleeping until the chicken wakes them, and the activities of the day begin.
521 _a390
_bLexile
521 _aG
_bRaz-Plus
650 1 _aDomestic animals
_xFiction.
650 1 _aFarm life
_xFiction.
650 1 _aToys
_xFiction.
650 1 _aStories in rhyme.
906 _a7
_bcbc
_corignew
_d3
_encip
_f19
_gy-gencatlg
942 _2ddc
_cBK
_n0
999 _c2535
_d2535